|
|
|
|
| LEADER |
00000nab#a22000007a#4500 |
| 001 |
arbauad031586 |
| 003 |
AR-BaUAD |
| 005 |
20250711112546.0 |
| 008 |
980619|||||||||###||||||b###|0###a|spa|| |
| 040 |
|
|
|a AR-BaUAD
|c AR-BaUAD
|b spa
|
| 245 |
1 |
0 |
|a Notes sur d'autres films
|
| 653 |
|
|
|a CINE
|
| 653 |
|
|
|a CRITICAS
|
| 653 |
|
|
|a LARGOMETRAJES
|
| 653 |
|
|
|a ESTADOS UNIDOS
|
| 653 |
|
|
|a DIRECTORES DE CINE
|
| 653 |
|
|
|a GILLESPIE, JIM
|
| 653 |
|
|
|a FRANCIA
|
| 653 |
|
|
|a STAREWITCH, STANISLAS
|
| 653 |
|
|
|a GOLDMAN, GARY
|
| 653 |
|
|
|a BLUTH, DON
|
| 653 |
|
|
|a BROOKS, JAMES L.
|
| 653 |
|
|
|a HONG KONG
|
| 653 |
|
|
|a TSUI, HARK
|
| 653 |
|
|
|a MANTELLO, JOE
|
| 653 |
|
|
|a CATON JONES, MICHAEL
|
| 653 |
|
|
|a COSTA GAVRAS, CONSTANTIN
|
| 653 |
|
|
|a REINO UNIDO
|
| 653 |
|
|
|a RICKMAN, ALAN
|
| 773 |
0 |
|
|t CAHIERS DU CINEMA
|g Nº521 [feb. 1998], p. 77-82
|
| 942 |
|
|
|c ARTI
|
| 952 |
|
|
|0 0
|1 0
|4 0
|7 0
|9 76505
|a AR-BAuAD
|b AR-BAuAD
|d 2025-07-11
|l 0
|p AAQA031586
|r 2025-07-11 11:25:46
|w 2025-07-11
|y ARTI
|
| 990 |
|
|
|a C199
|b TD
|
| 998 |
|
|
|a AAQ
|b BIBUN76
|
| 999 |
|
|
|c 56178
|d 56178
|